| 000 | 01001nam a2200313Ia 4500 | ||
|---|---|---|---|
| 001 | Z_1513 | ||
| 003 | CHAP | ||
| 008 | 220113s1990 xx 000 0 und d | ||
| 010 | _a164603 | ||
| 040 | _cCHAP | ||
| 090 | _aTesis F 885 | ||
| 100 |
_aFlores Martínez, Jorge _941629 |
||
| 245 |
_aHeterosis y efectos genéticos individuales y maternos para características predestete en un cruzamiento entre bovinos Angus y Suizo Pardo / _cpor Jorge Flores Martínez y Oscar Domínguez Sepúlveda |
||
| 260 |
_aChapingo, Méx. : _bEl Autor, _c1990 |
||
| 300 | _a129 h. | ||
| 502 | _aTesis (Ing. Agr. Zootecnista) -- UACH. Departamento de Zootecnia | ||
| 650 |
_aBecerros _xDestete _911178 |
||
| 650 |
_aGanado Angus _944962 |
||
| 650 | _aGanado Pardo Suizo | ||
| 650 |
_aGanado vacuno _xCruzas _945452 |
||
| 650 |
_aGanado vacuno _xGenética _945470 |
||
| 650 |
_aHeterosis _955071 |
||
| 901 | _aTESIS F 885 | ||
| 902 | _aM | ||
| 910 | _a1990 | ||
| 942 | _c2 | ||
| 942 | _c2 | ||
| 999 |
_c164603 _d164603 |
||